| 000 | 01026cam a2200277 i 4500 | ||
|---|---|---|---|
| 001 | 17509664 | ||
| 005 | 20140109141323.0 | ||
| 008 | 121026t2013 xxka frb f001 0 eng | ||
| 010 | _a2012032044 | ||
| 020 | _a9781107026001 (hardback) | ||
| 040 |
_aDLC _beng _cDLC _erda _dDLC |
||
| 082 | 0 | 4 |
_a621.382 _222 _bCOL |
| 100 | 1 |
_aCollier, R. J. _q(Richard J.) _934789 |
|
| 245 | 1 | 0 |
_aTransmission lines : _bequivalent circuits, electromagnetic theory and photons / _cRichard Collier. |
| 260 |
_aCambridge, United Kingdom : _bCambridge University Press, _cc.2013. |
||
| 300 |
_axiii, 318 p. : _bill. ; _c25 cm. |
||
| 490 | 1 | _aThe Cambridge RF and microwave engineering series | |
| 500 | _aIndex : p. 315-318. | ||
| 504 | _aIncludes bibliographical references. | ||
| 650 | 0 |
_aTelecommunication lines _vTextbooks _934790 |
|
| 650 | 0 |
_aPhotons _vTextbooks _934791 |
|
| 653 |
_bEle _cJanuary2014 |
||
| 655 |
_vreading book _934232 |
||
| 830 | 4 |
_aThe Cambridge RF and microwave engineering series _934792 |
|
| 942 |
_2ddc _cBB _k621.382 COL |
||
| 999 |
_c17904 _d17876 |
||